Welcome to Marium Abdulla Library

Embrace knowledge with a breath of fresh air.

Browse Collection

Marium Abdulla Library

Zard pattoan ki barsat (Record no. 7702)

MARC details
000 -LEADER
fixed length control field 00368nam a2200169Ia 4500
001 - CONTROL NUMBER
control field 8973
005 - DATE AND TIME OF LATEST TRANSACTION
control field 20250626030147.0
008 - FIXED-LENGTH DATA ELEMENTS--GENERAL INFORMATION
fixed length control field 211022s9999 xx 000 0 und d
082 ## - DEWEY DECIMAL CLASSIFICATION NUMBER
Classification number 891.439 MAL
100 ## - MAIN ENTRY--PERSONAL NAME
Personal name Malik, Muhammad Arshad
245 #0 - TITLE STATEMENT
Title Zard pattoan ki barsat
260 ## - PUBLICATION, DISTRIBUTION, ETC.
Place of publication, distribution, etc. Karachi
260 ## - PUBLICATION, DISTRIBUTION, ETC.
Name of publisher, distributor, etc. Royal Book
260 ## - PUBLICATION, DISTRIBUTION, ETC.
Date of publication, distribution, etc. 2005
300 ## - PHYSICAL DESCRIPTION
Extent 48
942 ## - ADDED ENTRY ELEMENTS (KOHA)
Koha item type Book
Holdings
Date last seen Total checkouts Full call number Barcode Price effective from Koha item type Lost status Damaged status Not for loan Collection Withdrawn status Home library Current library Shelving location Date acquired Source of acquisition Cost, normal purchase price
10/26/2021   891.439 MAL 8973 10/26/2021 Book       Foundation Year   Marium Abdulla Library Marium Abdulla Library Non-Ref 09/25/2008 Muhammad Arshad Malik 2500.00